书目信息 |
| 题名: |
中国历代小说论著选
|
|
| 作者: | 黄霖 , 韩同文选 注 | |
| 分册: | 上 | |
| 出版信息: | 南昌 江西人民出版社 1982.10 |
|
| 页数: | 639页 | |
| 开本: | 21cm | |
| 丛书名: | ||
| 单 册: | ||
| 中图分类: | I207.4 | |
| 科图分类: | ||
| 主题词: | 小说--文学研究--中国 , 传奇小说 | |
| 电子资源: | ||
| ISBN: | ||
| 000 | 00721nam0 2200253 45 | |
| 001 | 0185004631 | |
| 005 | 20060912092654.04 | |
| 010 | @dCNY1.80 | |
| 091 | @a10110.170 | |
| 100 | @a19901106d1982 kemy0chiy0121 ea | |
| 101 | 0 | @achi |
| 102 | @aCN@b360000 | |
| 105 | @ay rz 000ay | |
| 200 | 10 | @a中国历代小说论著选@Azhong guo li dai xiao shuo lun zhu xuan@h上@f黄霖,韩同文选注@FHuang Lin,Han Tong Wen Xuan Zhu |
| 210 | @a南昌@c江西人民出版社@d1982.10 | |
| 215 | @a639页@d21cm | |
| 606 | @a小说@x文学研究@y中国 | |
| 606 | @a传奇小说 | |
| 690 | @aI207.4@v3 | |
| 701 | 0 | @a黄霖@4注 |
| 701 | 0 | @a韩同文选@4注 |
| 801 | 0 | @aCN@b深圳图书馆@c20060912 |
| 801 | 2 | @aCN@bNLC@c20060912 |
| 905 | @dI207.4@e181:1@b173413@f1 | |
| 中国历代小说论著选.上/黄霖,韩同文选注.-南昌:江西人民出版社,1982.10 |
| 639页;21cm |
| ISBN :CNY1.80 |
| ● |
| 相关链接 |
|
|
|
|
正题名:中国历代小说论著选
索取号:I207.4/181:1
 
预约/预借
| 序号 | 登录号 | 条形码 | 馆藏地/架位号 | 状态 | 备注 |
| 1 | 0173413 | 001984650 | 第二借阅区/ [索取号:I207.4/181:1] | 在馆 | |
| 2 | 0173414 | 000549874 | 第二借阅区/ [索取号:I207.4/181:1] | 在馆 | |
| 3 | 0173415 | 000549865 | 第一样本阅览室/ [索取号:I207.4/181:1] | 在馆 | |
| 4 | 0471501 | 204715013 | 密集书库/ [索取号:I207.4/181:1] | 在馆 | |
| 5 | 0472204 | 204722041 | 密集书库/ [索取号:I207.4/181:1] | 在馆 |